Normal view
MARC view
- Khan, Maria
Entry Personal Name
001 - CONTROL NUMBER
- control field: 130539
003 - CONTROL NUMBER IDENTIFIER
- control field: NUST
005 - DATE AND TIME OF LATEST TRANSACTION
- control field: 20250922103857.0
008 - FIXED-LENGTH DATA ELEMENTS
- fixed length control field: 250922|| aca||aabn | a|a d
040 ## - CATALOGING SOURCE
- Original cataloging agency: NUST
- Transcribing agency: NUST
100 ## - HEADING--PERSONAL NAME
- Personal name: Khan, Maria
670 ## - SOURCE DATA FOUND
- Source citation: Work cat.: (NUST): Khan, Maria, On-The-Edge Detection of Tuberculosis using Deep Learning/
